Illinois County Seats - Statistics

General Stats
  • This quiz has been taken 74 times
  • The average score is 23 of 102
Answer Stats
County County Seat % Correct
Cook Chicago
93%
Peoria Peoria
88%
Sangamon Springfield
81%
Will Joliet
77%
Champaign Urbana
70%
Winnebago Rockford
65%
McLean Bloomington
60%
Macon Decatur
58%
Kankakee Kankakee
51%
Alexander Cairo
49%
Lake Waukegan
47%
DeWitt Clinton
44%
Adams Quincy
44%
Effingham Effingham
42%
Williamson Marion
40%
Rock Island Rock Island
40%
Jo Daviess Galena
37%
Madison Edwardsville
35%
Logan Lincoln
35%
DuPage Wheaton
35%
Lee Dixon
33%
Boone Belvidere
30%
Knox Galesburg
30%
McHenry Woodstock
30%
St. Clair Belleville
28%
Coles Charleston
28%
Vermilion Danville
28%
Massac Metropolis
28%
Jefferson Mount Vernon
28%
DeKalb Sycamore
28%
Stephenson Freeport
26%
LaSalle Ottawa
26%
Livingston Pontiac
26%
Kane Geneva
23%
Clark Marshall
23%
Bond Greenville
21%
McDonough Macomb
21%
Grundy Morris
21%
Bureau Princeton
21%
Fayette Vandalia
21%
Morgan Jacksonville
19%
Ogle Oregon
19%
Ford Paxton
19%
Wayne Fairfield
16%
Calhoun Hardin
16%
Tazewell Pekin
16%
Crawford Robinson
16%
Marion Salem
16%
Shelby Shelbyville
16%
Christian Taylorville
16%
Clinton Carlyle
14%
White Carmi
14%
Greene Carrollton
14%
Randolph Chester
14%
Lawrence Lawrenceville
14%
Piatt Monticello
14%
Wabash Mount Carmel
14%
Carroll Mount Carroll
14%
Jackson Murphysboro
14%
Franklin Benton
12%
Hardin Elizabethtown
12%
Pope Golconda
12%
Saline Harrisburg
12%
Mason Havana
12%
Montgomery Hillsboro
12%
Jersey Jerseyville
12%
Whiteside Morrison
12%
Brown Mount Sterling
12%
Washington Nashville
12%
Richland Olney
12%
Edgar Paris
12%
Gallatin Shawneetown
12%
Douglas Tuscola
12%
Kendall Yorkville
12%
Edwards Albion
9%
Mercer Aledo
9%
Henry Cambridge
9%
Macoupin Carlinville
9%
Hancock Carthage
9%
Woodford Eureka
9%
Putnam Hennepin
9%
Marshall Lacon
9%
Jasper Newton
9%
Perry Pinckneyville
9%
Cumberland Toledo
9%
Stark Toulon
9%
Cass Virginia
9%
Monroe Waterloo
9%
Clay Louisville
7%
Hamilton McLeansboro
7%
Warren Monmouth
7%
Pulaski Mound City
7%
Henderson Oquawka
7%
Menard Petersburg
7%
Pike Pittsfield
7%
Moultrie Sullivan
7%
Iroquois Watseka
7%
Scott Winchester
7%
Union Jonesboro
5%
Fulton Lewistown
5%
Johnson Vienna
5%
Schuyler Rushville
2%
No matching quizzes found
Score Distribution
Percent of People with Each Score
Percentile by Number Answered
Your Score History
You have not taken this quiz